Computed Tomography in Head Injuries /

Bibliographic Details
Main Author: Lanksch, Wolfgang
Corporate Author: SpringerLink (Online service)
Other Authors: Kazner, E. (Ekkehard), Grumme, Thomas
Format: eBook
Language:English
Published: Berlin, Heidelberg : Springer Berlin Heidelberg, 1979.
Subjects:
Online Access:Connect to the full text of this electronic book

MARC

Tag First Indicator Second Indicator Subfields
LEADER 00000cam a2200000Mi 4500
001 in00003567949
006 m o d
007 cr nn|008mamaa
008 121227s1979 gw o 000 0 eng
005 20260420200702.4
020 |a 9783642674211 (electronic bk.) 
020 |a 3642674216 (electronic bk.) 
020 |z 3642674216 
024 7 |a 10.1007/978-3-642-67421-1  |2 doi 
035 |a (OCoLC)859202115 
040 |a Nz  |b eng  |c UV0  |d OCLCO  |d GW5XE  |d OCLCF  |d UtOrBLW 
049 |a TXAM 
050 4 |a R1 
072 7 |a MB  |2 bicssc 
072 7 |a MED000000  |2 bisacsh 
082 0 4 |a 610  |2 23 
100 1 |a Lanksch, Wolfgang. 
245 1 0 |a Computed Tomography in Head Injuries /  |c by Wolfgang Lanksch, Ekkehard Kazner, Thomas Grumme. 
264 1 |a Berlin, Heidelberg :  |b Springer Berlin Heidelberg,  |c 1979. 
300 |a 1 online resource. 
336 |a text  |b txt  |2 rdacontent 
337 |a computer  |b c  |2 rdamedia 
338 |a online resource  |b cr  |2 rdacarrier 
500 |a Electronic resource. 
650 0 |a Medicine. 
650 7 |a Medicine.  |2 fast  |0 (OCoLC)fst01014893 
655 7 |a Electronic books.  |2 local 
700 1 |a Kazner, E.  |q (Ekkehard) 
700 1 |a Grumme, Thomas. 
710 2 |a SpringerLink (Online service) 
776 1 8 |i Print version:  |z 9783642674235 
856 4 0 |u http://proxy.library.tamu.edu/login?url=https://link.springer.com/10.1007/978-3-642-67421-1  |z Connect to the full text of this electronic book  |t 0 
994 |a 92  |b TXA 
999 |a MARS 
999 f f |s c1d42b56-02bd-3726-bbc6-53f7778185fe  |i 327eb935-8856-3734-98df-90cc42fd82b3  |t 0 
952 f f |a Texas A&M University  |b College Station  |c Electronic Resources  |s www_evans  |d Available Online  |t 0  |e R1  |h Library of Congress classification 
998 f f |a R1  |t 0  |l Available Online